[Event "Madrid-ch 2018-2019 - Previa B"]
[Site "Madrid ESP"]
[Date "2019.02.09"]
[Round "5.5"]
[White "Largo Barbero, Benito"]
[Black "De Fuenmayor Fernandez De La , Carlos Pablo"]
[Result "1-0"]
[WhiteElo "1876"]
[BlackElo "1325"]
[PlyCount "115"]
[EventDate "2019.02.01"]
[EventType "swiss"]
[EventRounds "9"]
[EventCountry "ESP"]
[SourceTitle "Ajedrez en Madrid"]
[Source "lmi"]
[SourceDate "2019.02.01"]
[SourceVersion "1"]
[SourceVersionDate "2019.02.26"]
[SourceQuality "1"]

1. d4 Nf6 2. Bf4 d5 3. e3 c5 4. c3 Nc6 5. Nd2 e6 6. Ngf3 Nh5 7. Bg5 f6 8. Bh4
g6 9. Bd3 Ng7 10. Qe2 Nf5 11. Bg3 Nxg3 12. hxg3 f5 13. g4 c4 14. Bc2 Bg7 15.
gxf5 exf5 16. Nh2 Qe7 17. b3 b5 18. a4 b4 19. bxc4 bxc3 20. Nb3 Ba6 21. Bd3 Nb4
22. Nc5 Nxd3+ 23. Qxd3 Bxc4 24. Qd1 Rb8 25. Rc1 Rb2 26. Nf3 Re2+ 27. Qxe2 Bxe2
28. Kxe2 O-O 29. Rxc3 Rc8 30. Rb1 Bxd4 31. Nxd4 Rxc5 32. Rb8+ Kf7 33. Rcb3 Rc7
34. Rh8 Kf6 35. Rbb8 Qc5 36. Rbf8+ Rf7 37. Rc8 Qa3 38. Rc6+ Kg7 39. Ne6+ Kxh8
40. Rc8+ Rf8 41. Rxf8+ Qxf8 42. Nxf8 Kg7 43. Ne6+ Kf6 44. Nc7 Ke5 45. a5 h5 46.
Nb5 a6 47. Nc7 g5 48. Nxa6 g4 49. g3 d4 50. Nb4 dxe3 51. Kxe3 f4+ 52. gxf4+ Kd6
53. f5 h4 54. Kf4 g3 55. fxg3 h3 56. Kf3 Kc5 57. Nd3+ Kc4 58. Nf2 1-0

[Event "Madrid-ch 2018-2019 - Previa B"]
[Site "Madrid ESP"]
[Date "2019.02.09"]
[Round "5.6"]
[White "Esteban Azpiroz, Jorge"]
[Black "Lopez Guitian, Juan J"]
[Result "1-0"]
[WhiteElo "1669"]
[BlackElo "1562"]
[PlyCount "72"]
[EventDate "2019.02.01"]
[EventType "swiss"]
[EventRounds "9"]
[EventCountry "ESP"]
[SourceTitle "Ajedrez en Madrid"]
[Source "lmi"]
[SourceDate "2019.02.01"]
[SourceVersion "1"]
[SourceVersionDate "2019.02.26"]
[SourceQuality "1"]

1. e4 c6 2. d4 d5 3. exd5 cxd5 4. Nf3 Bg4 5. Be3 e6 6. Bd3 Nf6 7. O-O Nc6 8. a3
Be7 9. Nbd2 O-O 10. c4 dxc4 11. Nxc4 Bh5 12. Be2 Qc7 13. h3 Rad8 14. Rc1 Qb8
15. Ncd2 a6 16. Qb3 Rd7 17. Bxa6 Nxd4 18. Nxd4 bxa6 19. Qxb8 Rxb8 20. b4 h6 21.
Nc6 Re8 22. Nxe7+ Rexe7 23. Rc6 Ra7 24. Bxa7 Rxa7 25. Rfc1 Be2 26. Rc8+ Kh7 27.
R1c7 Rxc7 28. Rxc7 Kg6 29. Nb3 Nd5 30. Ra7 Nc3 31. Ra8 Nb5 32. a4 Nc3 33. Nc5
Kf6 34. a5 Bb5 35. Nxa6 Nd5 36. Nc5 Nxb4 1-0

[Event "Madrid-ch 2018-2019 - Previa B"]
[Site "Madrid ESP"]
[Date "2019.02.09"]
[Round "5.7"]
[White "Moratalla Garcia, Joaquin"]
[Black "Rojas Pozo, Jose Luis"]
[Result "0-1"]
[WhiteElo "1603"]
[BlackElo "1969"]
[PlyCount "68"]
[EventDate "2019.02.01"]
[EventType "swiss"]
[EventRounds "9"]
[EventCountry "ESP"]
[SourceTitle "Ajedrez en Madrid"]
[Source "lmi"]
[SourceDate "2019.02.01"]
[SourceVersion "1"]
[SourceVersionDate "2019.02.26"]
[SourceQuality "1"]

1. d4 d5 2. Nf3 Nf6 3. e3 c5 4. b3 Bg4 5. Be2 Nc6 6. Bb2 e6 7. O-O Be7 8. Nbd2
O-O 9. Ne5 Bxe2 10. Qxe2 cxd4 11. Nxc6 bxc6 12. exd4 Qa5 13. a4 Bb4 14. Rad1
Rac8 15. f3 c5 16. Nb1 c4 17. Ba3 Bxa3 18. Nxa3 Qb4 19. Nb5 a6 20. c3 Qe7 21.
bxc4 Rxc4 22. Rb1 axb5 23. axb5 Rb8 24. b6 Rc6 25. Qa6 Qb7 26. Qa7 Rxb6 27.
Qxb7 R6xb7 28. Rxb7 Rxb7 29. Ra1 g6 30. Ra8+ Kg7 31. Rc8 Rb1+ 32. Kf2 Rb2+ 33.
Kg3 Nh5+ 34. Kh3 Nf4+ 0-1

[Event "Madrid-ch 2018-2019 - Previa B"]
[Site "Madrid ESP"]
[Date "2019.02.09"]
[Round "5.8"]
[White "Vukotic Jovsic, Dragan"]
[Black "Palacios Sanchez, Victor"]
[Result "1-0"]
[WhiteElo "1925"]
[BlackElo "1537"]
[PlyCount "103"]
[EventDate "2019.02.01"]
[EventType "swiss"]
[EventRounds "9"]
[EventCountry "ESP"]
[SourceTitle "Ajedrez en Madrid"]
[Source "lmi"]
[SourceDate "2019.02.01"]
[SourceVersion "1"]
[SourceVersionDate "2019.02.26"]
[SourceQuality "1"]

1. d4 Nf6 2. Bf4 e6 3. Nf3 d5 4. e3 c5 5. c3 Be7 6. Bd3 Nc6 7. Nbd2 Nh5 8. Ne5
Nxf4 9. exf4 cxd4 10. cxd4 Nxd4 11. Qa4+ Nc6 12. Bb5 Bd7 13. Nxc6 Bxc6 14.
Bxc6+ bxc6 15. Qxc6+ Kf8 16. Rc1 g6 17. O-O Kg7 18. Qb7 Bd6 19. g3 Qb6 20. Qxb6
axb6 21. a3 Rhc8 22. Nf3 b5 23. Nd4 Rxc1 24. Rxc1 b4 25. Nb5 bxa3 26. bxa3 Be7
27. Ra1 Ra4 28. Kf1 Kf6 29. Ke2 Kf5 30. f3 h5 31. Ke3 Bc5+ 32. Kd3 h4 33. Ra2
f6 34. Kc3 e5 35. Kb3 Rc4 36. Rd2 hxg3 37. hxg3 Rc1 38. Rxd5 Bf2 39. fxe5 fxe5
40. g4+ Kf4 41. Rd3 e4 42. fxe4 Kxe4 43. Rd6 g5 44. Nc3+ Kf3 45. Rf6+ Kg2 46.
Rf5 Rg1 47. Ne4 Bb6 48. Rxg5 Kf3 49. Nf6 Bd8 50. Rf5+ Ke3 51. g5 Kd4 52. Rd5+
1-0

[Event "Madrid-ch 2018-2019 - Previa B"]
[Site "Madrid ESP"]
[Date "2019.02.09"]
[Round "5.10"]
[White "Martin Hernandez, Vicente"]
[Black "Mosteiro Montoro, Alvaro"]
[Result "1-0"]
[WhiteElo "1892"]
[BlackElo "1500"]
[PlyCount "65"]
[EventDate "2019.02.01"]
[EventType "swiss"]
[EventRounds "9"]
[EventCountry "ESP"]
[SourceTitle "Ajedrez en Madrid"]
[Source "lmi"]
[SourceDate "2019.02.01"]
[SourceVersion "1"]
[SourceVersionDate "2019.02.26"]
[SourceQuality "1"]

1. d4 d5 2. c4 c6 3. Nf3 g6 4. Nc3 Bg7 5. e3 Nf6 6. Bd3 Bg4 7. O-O O-O 8. h3
Bxf3 9. Qxf3 e6 10. Bd2 Nbd7 11. Rac1 Re8 12. b4 e5 13. cxd5 cxd5 14. Bb5 e4
15. Qe2 a6 16. Bxd7 Qxd7 17. a4 Rec8 18. b5 Rc4 19. Nxd5 Rxc1 20. Nxf6+ Bxf6
21. Rxc1 Kg7 22. Qc4 Bd8 23. Bc3 f5 24. d5+ Kh6 25. Qd4 axb5 26. axb5 Ba5 27.
Bb2 Rd8 28. Qf6 Kh5 29. g3 g5 30. h4 h6 31. hxg5 hxg5 32. Kg2 Kg4 33. Qh6 1-0

[Event "Madrid-ch 2018-2019 - Previa B"]
[Site "Madrid ESP"]
[Date "2019.02.09"]
[Round "5.11"]
[White "Garcia Pardo, Maria Del Carmen"]
[Black "Rojas Fernandez, Antonio"]
[Result "1-0"]
[WhiteElo "1631"]
[BlackElo "1316"]
[PlyCount "107"]
[EventDate "2019.02.01"]
[EventType "swiss"]
[EventRounds "9"]
[EventCountry "ESP"]
[SourceTitle "Ajedrez en Madrid"]
[Source "lmi"]
[SourceDate "2019.02.01"]
[SourceVersion "1"]
[SourceVersionDate "2019.02.26"]
[SourceQuality "1"]

1. e4 e5 2. Nf3 Nf6 3. Nc3 Nc6 4. d4 exd4 5. Nxd4 Bb4 6. Nxc6 bxc6 7. Bd3 O-O
8. O-O d5 9. exd5 cxd5 10. Bg5 Bxc3 11. bxc3 h6 12. Bf4 Be6 13. Re1 Re8 14. h3
c5 15. Qf3 Qa5 16. Bxh6 c4 17. Bf1 Ne4 18. Bf4 Qxc3 19. Qxc3 Nxc3 20. Be5 Ne4
21. Bd4 a6 22. a4 Rab8 23. Bxc4 dxc4 24. Rxe4 Bf5 25. Rxe8+ Rxe8 26. c3 Rb8 27.
Bc5 Rb3 28. Bb4 Kh7 29. a5 Kg6 30. Rd1 Rb1 31. Rxb1 Bxb1 32. f3 f5 33. f4 Kh5
34. Kf2 Kh4 35. Be7+ Kh5 36. Ke3 Kg6 37. Kd4 Kf7 38. Bb4 Be4 39. g3 Ke6 40.
Kxc4 Kd7 41. Kd4 Bg2 42. h4 g6 43. Ke5 Ke8 44. Kf6 Bh3 45. Kxg6 Bg4 46. h5
Bxh5+ 47. Kxh5 Kf7 48. Kg5 Ke6 49. Kg6 Kd7 50. Kxf5 Ke8 51. Ke6 Kd8 52. f5 Ke8
53. f6 Kd8 54. f7 1-0

[Event "Madrid-ch 2018-2019 - Previa B"]
[Site "Madrid ESP"]
[Date "2019.02.09"]
[Round "5.12"]
[White "Ortega Morales, Pedro"]
[Black "Martinez Munoz, Rafael"]
[Result "1-0"]
[WhiteElo "1737"]
[BlackElo "1401"]
[PlyCount "81"]
[EventDate "2019.02.01"]
[EventType "swiss"]
[EventRounds "9"]
[EventCountry "ESP"]
[SourceTitle "Ajedrez en Madrid"]
[Source "lmi"]
[SourceDate "2019.02.01"]
[SourceVersion "1"]
[SourceVersionDate "2019.02.26"]
[SourceQuality "1"]

1. d4 e6 2. Bf4 c5 3. e3 Nf6 4. c3 Qb6 5. Qb3 d5 6. Nd2 Nh5 7. Qxb6 axb6 8. Bc7
cxd4 9. exd4 Nd7 10. Bb5 Be7 11. Bxb6 O-O 12. Bc7 Nf4 13. Bxf4 Nf6 14. h3 Nh5
15. Bh2 Bg5 16. Ngf3 Bf4 17. Bxf4 Nxf4 18. O-O Ra5 19. a4 Rd8 20. Nb3 Ra8 21.
Nc5 b6 22. Nd3 Ng6 23. Nde5 Nxe5 24. Nxe5 f6 25. Nc6 Rd6 26. Ne7+ Kf8 27. Nxc8
Rxc8 28. f4 h6 29. Rae1 Ke7 30. f5 g5 31. fxg6 Rdd8 32. h4 h5 33. Rf3 Rg8 34.
Rfe3 e5 35. dxe5 f5 36. e6 Rxg6 37. Re5 Rcg8 38. R1e2 f4 39. Rf5 Rxe6 40. Rxf4
Rxe2 41. Bxe2 1-0

[Event "Madrid-ch 2018-2019 - Previa B"]
[Site "Madrid ESP"]
[Date "2019.02.15"]
[Round "6.1"]
[White "Vicente Sastre, Diego"]
[Black "Martin Arbeloa, Fernando"]
[Result "1/2-1/2"]
[WhiteElo "1879"]
[BlackElo "1913"]
[PlyCount "69"]
[EventDate "2019.02.01"]
[EventType "swiss"]
[EventRounds "9"]
[EventCountry "ESP"]
[SourceTitle "Ajedrez en Madrid"]
[Source "lmi"]
[SourceDate "2019.02.01"]
[SourceVersion "1"]
[SourceVersionDate "2019.02.26"]
[SourceQuality "1"]

1. e4 c5 2. Nf3 d6 3. d3 Nc6 4. g3 g6 5. Bg2 Bg7 6. O-O e5 7. Nc3 Nge7 8. Nd2
O-O 9. Nc4 a6 10. a4 Be6 11. Nd5 f5 12. Bg5 h6 13. Bd2 Rb8 14. a5 Kh7 15. f4
Bg8 16. c3 exf4 17. Nxe7 Nxe7 18. Bxf4 Bxc4 19. dxc4 Be5 20. Bxe5 dxe5 21. Qe2
f4 22. gxf4 Rxf4 23. Rxf4 exf4 24. e5 Nf5 25. Rd1 Qe7 26. e6 Rd8 27. Rxd8 Qxd8
28. Bxb7 Ne3 29. b4 cxb4 30. cxb4 Qd6 31. b5 axb5 32. cxb5 Qxe6 33. Bf3 Qf6 34.
Qd2 Qg5+ 35. Kf2 1/2-1/2

[Event "Madrid-ch 2018-2019 - Previa B"]
[Site "Madrid ESP"]
[Date "2019.02.15"]
[Round "6.2"]
[White "Esteban Azpiroz, Jorge"]
[Black "Pajuelo Morales, Raul"]
[Result "0-1"]
[WhiteElo "1669"]
[BlackElo "1914"]
[PlyCount "196"]
[EventDate "2019.02.01"]
[EventType "swiss"]
[EventRounds "9"]
[EventCountry "ESP"]
[SourceTitle "Ajedrez en Madrid"]
[Source "lmi"]
[SourceDate "2019.02.01"]
[SourceVersion "1"]
[SourceVersionDate "2019.02.26"]
[SourceQuality "1"]

1. e4 c5 2. Nf3 d6 3. c3 Nf6 4. d3 g6 5. Be2 Bg7 6. O-O O-O 7. Nbd2 Nc6 8. Re1
Ne8 9. Nf1 Bg4 10. h3 Bxf3 11. Bxf3 Rb8 12. Be3 e5 13. Rb1 Nc7 14. Qc1 Qd7 15.
Bg4 f5 16. exf5 gxf5 17. Be2 f4 18. Bd2 d5 19. Bf3 Qf5 20. Rd1 h5 21. Qc2 c4
22. Be1 cxd3 23. Bxd5+ Nxd5 24. Qxd3 Qxd3 25. Rxd3 Nb6 26. f3 Rbd8 27. Rbd1 Kf7
28. Bh4 Bf6 29. Bf2 Rxd3 30. Rxd3 Rd8 31. Rxd8 Bxd8 32. b3 Nd5 33. c4 Nc3 34.
a3 Ne2+ 35. Kh2 h4 36. Nd2 Ncd4 37. b4 a5 38. bxa5 Bxa5 39. Ne4 Bd8 40. Nd6+
Ke6 41. Nxb7 Be7 42. a4 Kd7 43. Be1 Kc7 44. Na5 Kb6 45. c5+ Bxc5 46. Nc4+ Ka6
47. Bxh4 Nf5 48. Be1 Bg1+ 49. Kh1 Bd4 50. Kh2 Nc3 51. Bxc3 Bxc3 52. h4 Nxh4 53.
Kh3 Nf5 54. Na3 Ka5 55. Nb5 Bb2 56. Nc7 Kxa4 57. Ne6 Kb5 58. Kg4 Ne3+ 59. Kh3
Nf1 60. Kg4 Ne3+ 61. Kh3 Kc6 62. g3 fxg3 63. Kxg3 Kd6 64. Ng5 Nd5 65. Nf7+ Ke6
66. Nxe5 Kxe5 67. f4+ Kf5 68. Kf3 Bd4 69. Ke2 Ke4 70. f5 Bf6 71. Kf2 Kxf5 72.
Kf3 Bd4 73. Ke2 Ke4 74. Kd2 Nb4 75. Ke2 Be3 76. Kd1 Kf3 77. Ke1 Bg5 78. Kd1 Ke3
79. Ke1 Nd3+ 80. Kf1 Bh4 81. Kg2 Nf4+ 82. Kf1 Kf3 83. Kg1 Be7 84. Kf1 Bc5 85.
Ke1 Bb4+ 86. Kd1 Ke3 87. Kc2 Kd4 88. Kb3 Nd3 89. Kc2 Nf2 90. Kb3 Bf8 91. Kc2
Kc4 92. Kb2 Bb4 93. Kc2 Bc3 94. Kc1 Kb3 95. Kb1 Bd2 96. Ka1 Ne4 97. Kb1 Nd6 98.
Ka1 Nb5 0-1

[Event "Madrid-ch 2018-2019 - Previa B"]
[Site "Madrid ESP"]
[Date "2019.02.15"]
[Round "6.3"]
[White "Berrocal Exposito, Fernando"]
[Black "Largo Barbero, Benito"]
[Result "1-0"]
[WhiteElo "1796"]
[BlackElo "1876"]
[PlyCount "51"]
[EventDate "2019.02.01"]
[EventType "swiss"]
[EventRounds "9"]
[EventCountry "ESP"]
[SourceTitle "Ajedrez en Madrid"]
[Source "lmi"]
[SourceDate "2019.02.01"]
[SourceVersion "1"]
[SourceVersionDate "2019.02.26"]
[SourceQuality "1"]

1. Nf3 f5 2. c4 Nf6 3. Nc3 g6 4. g3 Bg7 5. Bg2 O-O 6. d3 d6 7. O-O c6 8. Qc2 e5
9. e4 Na6 10. a3 Qe8 11. Re1 Nh5 12. h3 Be6 13. Qe2 f4 14. g4 Nf6 15. b4 Nc7
16. Rb1 Qd7 17. d4 exd4 18. Nxd4 Nfe8 19. Nxe6 Nxe6 20. Qd3 f3 21. Bh1 h5 22.
e5 Qf7 23. exd6 Nxd6 24. Bb2 Kh7 25. Rxe6 Ne8 26. Rbe1 1-0

[Event "Madrid-ch 2018-2019 - Previa B"]
[Site "Madrid ESP"]
[Date "2019.02.15"]
[Round "6.4"]
[White "Marin Aso, Jose Luis"]
[Black "Garcia Serrano, Jose Manuel"]
[Result "1-0"]
[WhiteElo "1915"]
[BlackElo "1880"]
[PlyCount "111"]
[EventDate "2019.02.01"]
[EventType "swiss"]
[EventRounds "9"]
[EventCountry "ESP"]
[SourceTitle "Ajedrez en Madrid"]
[Source "lmi"]
[SourceDate "2019.02.01"]
[SourceVersion "1"]
[SourceVersionDate "2019.02.26"]
[SourceQuality "1"]

1. c4 e5 2. Nc3 Nf6 3. Nf3 Nc6 4. e3 Be7 5. d4 d6 6. Be2 O-O 7. O-O Bf5 8. a3
Re8 9. b4 Bf8 10. b5 Na5 11. Qa4 b6 12. dxe5 dxe5 13. Rd1 Qe7 14. Nd5 Nxd5 15.
Rxd5 f6 16. Bd2 Be6 17. Bxa5 Bxd5 18. Bb4 Qd7 19. cxd5 a6 20. Bxf8 Rxf8 21. Qb3
axb5 22. Bxb5 Qd6 23. Nd2 f5 24. Nc4 Qxd5 25. Bc6 Qf7 26. Bxa8 Rxa8 27. Nd2
Qxb3 28. Nxb3 c5 29. Kf1 c4 30. Nd2 b5 31. Ke2 Kf7 32. Kd1 Ke6 33. Kc2 Kd5 34.
Rd1 Kc5 35. Nb1 Ra6 36. Rd7 Rg6 37. g3 Kc6 38. Rf7 f4 39. exf4 exf4 40. Rxf4
Re6 41. Nc3 g6 42. Re4 Rf6 43. f4 Rd6 44. Re5 Rd3 45. Nxb5 Rf3 46. Nc3 Kd6 47.
a4 h6 48. Ne4+ Kd7 49. Rc5 Re3 50. Rxc4 Re2+ 51. Kb3 Rxh2 52. a5 Rh1 53. a6
Rb1+ 54. Ka4 h5 55. Ka5 Ke6 56. a7 1-0

[Event "Madrid-ch 2018-2019 - Previa B"]
[Site "Madrid ESP"]
[Date "2019.02.15"]
[Round "6.5"]
[White "Rojas Pozo, Jose Luis"]
[Black "Alameda Arellano, Cristeto"]
[Result "1-0"]
[WhiteElo "1969"]
[BlackElo "1564"]
[PlyCount "55"]
[EventDate "2019.02.01"]
[EventType "swiss"]
[EventRounds "9"]
[EventCountry "ESP"]
[SourceTitle "Ajedrez en Madrid"]
[Source "lmi"]
[SourceDate "2019.02.01"]
[SourceVersion "1"]
[SourceVersionDate "2019.02.26"]
[SourceQuality "1"]

1. d4 d5 2. Nf3 Nf6 3. c4 c6 4. e3 Bg4 5. h3 Bxf3 6. Qxf3 e6 7. Nc3 Nbd7 8. Bd2
Bb4 9. Bd3 O-O 10. O-O Qe7 11. Rfe1 dxc4 12. Bxc4 Qd6 13. Rad1 Rfe8 14. a3 Ba5
15. Ne4 Qc7 16. b4 Bb6 17. Nc5 Rad8 18. Bc3 a6 19. e4 Nxc5 20. dxc5 Ba7 21.
Bxf6 gxf6 22. Qxf6 Bb8 23. Qg5+ Kh8 24. Qf6+ Kg8 25. g3 Qe5 26. Rxd8 Rxd8 27.
Qxd8+ Kg7 28. Rd1 1-0

[Event "Madrid-ch 2018-2019 - Previa B"]
[Site "Madrid ESP"]
[Date "2019.02.15"]
[Round "6.7"]
[White "Baeza Escudero, Javier"]
[Black "Moreno Uribarri, Miguel"]
[Result "1-0"]
[WhiteElo "1895"]
[BlackElo "1629"]
[PlyCount "103"]
[EventDate "2019.02.01"]
[EventType "swiss"]
[EventRounds "9"]
[EventCountry "ESP"]
[SourceTitle "Ajedrez en Madrid"]
[Source "lmi"]
[SourceDate "2019.02.01"]
[SourceVersion "1"]
[SourceVersionDate "2019.02.26"]
[SourceQuality "1"]

1. e4 c5 2. Nf3 d6 3. d4 cxd4 4. Nxd4 Nf6 5. Nc3 g6 6. Be3 Bg7 7. f3 Nc6 8. Qd2
O-O 9. O-O-O d5 10. Nxc6 bxc6 11. Bc4 e6 12. Kb1 Qc7 13. Bb3 a5 14. Bh6 Ba6 15.
Bxg7 Kxg7 16. h4 dxe4 17. fxe4 Rfd8 18. Qg5 h6 19. Qc5 Ng4 20. Rxd8 Rxd8 21.
Ba4 Ne5 22. Bb5 Bxb5 23. Nxb5 Nd7 24. Qc3+ Qe5 25. Qxc6 Rb8 26. Qxd7 Rxb5 27.
b3 Kf8 28. Rf1 f5 29. exf5 gxf5 30. Rd1 Rd5 31. Rxd5 Qxd5 32. Qxd5 exd5 33. Kb2
Ke7 34. Kc3 Ke6 35. Kd4 f4 36. a3 Kf5 37. b4 axb4 38. axb4 Kg4 39. b5 Kg3 40.
b6 Kxg2 41. b7 f3 42. b8=Q f2 43. Qg8+ Kh1 44. Qxd5+ Kg1 45. Qg8+ Kh1 46. Qf7
h5 47. Qf3+ Kg1 48. c4 Kf1 49. c5 Ke1 50. c6 f1=Q 51. Qxf1+ Kd2 52. Qd3+ 1-0

[Event "Madrid-ch 2018-2019 - Previa B"]
[Site "Madrid ESP"]
[Date "2019.02.15"]
[Round "6.8"]
[White "Lopez Guitian, Juan J"]
[Black "Garcia Pardo, Maria Del Carmen"]
[Result "0-1"]
[WhiteElo "1562"]
[BlackElo "1631"]
[PlyCount "112"]
[EventDate "2019.02.01"]
[EventType "swiss"]
[EventRounds "9"]
[EventCountry "ESP"]
[SourceTitle "Ajedrez en Madrid"]
[Source "lmi"]
[SourceDate "2019.02.01"]
[SourceVersion "1"]
[SourceVersionDate "2019.02.26"]
[SourceQuality "1"]

1. e4 e5 2. Nf3 Nc6 3. Bb5 a6 4. Ba4 Nf6 5. O-O b5 6. Bb3 Be7 7. Re1 O-O 8. c3
d6 9. h3 Nb8 10. d4 Nbd7 11. Nbd2 Bb7 12. Bc2 Re8 13. Nf1 Bf8 14. Ng3 g6 15.
Bg5 h6 16. Bd2 Bg7 17. b3 c5 18. d5 Nb6 19. Rb1 c4 20. Be3 Nfd7 21. Nd2 Rc8 22.
b4 Ra8 23. a4 Qc7 24. a5 Nc8 25. Ndf1 Ne7 26. Nh2 Kh7 27. Qd2 Nf6 28. Rf1 Neg8
29. Rbe1 Re7 30. f4 exf4 31. Rxf4 Rae8 32. Ng4 Nxg4 33. hxg4 Be5 34. Rf3 Bc8
35. Bf4 Bxg4 36. Rf2 Qd7 37. Ref1 Rf8 38. Ne2 Ree8 39. Nd4 Kg7 40. Nc6 Qc8 41.
Nxe5 dxe5 42. Be3 f6 43. Bc5 Rf7 44. Bd1 Ne7 45. Bb6 Qd7 46. Bc5 Nc8 47. d6 Rd8
48. Bxg4 Qxg4 49. Re2 Qe6 50. Rd1 Rfd7 51. Qe3 Nxd6 52. Red2 Nf7 53. Rxd7 Rxd7
54. Rxd7 Qxd7 55. Kf2 Ng5 56. Ba7 Nxe4+ 0-1

[Event "Madrid-ch 2018-2019 - Previa B"]
[Site "Madrid ESP"]
[Date "2019.02.15"]
[Round "6.10"]
[White "De Fuenmayor Fernandez De La , Carlos Pablo"]
[Black "Moratalla Garcia, Joaquin"]
[Result "0-1"]
[WhiteElo "1325"]
[BlackElo "1603"]
[PlyCount "94"]
[EventDate "2019.02.01"]
[EventType "swiss"]
[EventRounds "9"]
[EventCountry "ESP"]
[SourceTitle "Ajedrez en Madrid"]
[Source "lmi"]
[SourceDate "2019.02.01"]
[SourceVersion "1"]
[SourceVersionDate "2019.02.26"]
[SourceQuality "1"]

1. e4 c5 2. Nf3 d6 3. Bb5+ Bd7 4. Bxd7+ Nxd7 5. O-O Ngf6 6. Re1 Qc7 7. d4 cxd4
8. Nxd4 a6 9. a4 g6 10. a5 Bg7 11. Bg5 O-O 12. Nc3 Rac8 13. Qd2 Rfe8 14. Nd5
Nxd5 15. exd5 Nf6 16. b3 Nxd5 17. c4 Nf6 18. Rac1 Qd7 19. b4 Rc7 20. Nb3 Qf5
21. Nd4 Qc8 22. c5 dxc5 23. Bf4 Rd8 24. Bxc7 Rxd4 25. Qxd4 cxd4 26. Rxe7 Nd5
27. Bf4 Qxc1+ 28. Bxc1 Nxe7 29. Kf1 f5 30. Ke2 Nd5 31. Bd2 Bf8 32. Kd3 Bxb4 33.
Bxb4 Nxb4+ 34. Kxd4 Nc6+ 35. Kc5 Kf7 36. Kb6 Nxa5 37. Kxa5 Ke6 38. h4 h5 39.
Kb4 Ke5 40. Kc5 Kf4 41. Kd5 b5 42. Kd4 a5 43. Kd3 b4 44. Ke2 a4 45. g3+ Ke5 46.
f4+ Ke4 47. Kf2 a3 0-1

[Event "Madrid-ch 2018-2019 - Previa B"]
[Site "Madrid ESP"]
[Date "2019.02.15"]
[Round "6.11"]
[White "Palacios Sanchez, Victor"]
[Black "Rosa Ramirez, Victor D"]
[Result "0-1"]
[WhiteElo "1537"]
[BlackElo "1893"]
[PlyCount "70"]
[EventDate "2019.02.01"]
[EventType "swiss"]
[EventRounds "9"]
[EventCountry "ESP"]
[SourceTitle "Ajedrez en Madrid"]
[Source "lmi"]
[SourceDate "2019.02.01"]
[SourceVersion "1"]
[SourceVersionDate "2019.02.26"]
[SourceQuality "1"]

1. d4 Nf6 2. c4 e5 3. dxe5 Ng4 4. Bf4 Nc6 5. Nf3 Bb4+ 6. Nc3 Bxc3+ 7. bxc3 f6
8. exf6 Qxf6 9. Qd2 d6 10. e3 O-O 11. Rd1 Kh8 12. Bd3 b6 13. Qc2 h6 14. O-O Bd7
15. Bg6 Nge5 16. Nxe5 Nxe5 17. Bxe5 Qxe5 18. Qd3 Bc6 19. f4 Qe6 20. f5 Qe7 21.
Rf4 Rf6 22. g4 Rd8 23. e4 Qe5 24. Rdf1 Rdf8 25. Qe3 Kg8 26. h4 Qc5 27. Qd4 a5
28. g5 hxg5 29. hxg5 Rxg6 30. R1f2 Rxg5+ 31. Kf1 Qxd4 32. cxd4 Re8 33. d5 Bb7
34. f6 gxf6 35. Rxf6 Ba6 0-1

[Event "Madrid-ch 2018-2019 - Previa B"]
[Site "Madrid ESP"]
[Date "2019.02.15"]
[Round "6.12"]
[White "Mosteiro Montoro, Alvaro"]
[Black "Ortega Morales, Pedro"]
[Result "1-0"]
[WhiteElo "1500"]
[BlackElo "1737"]
[PlyCount "161"]
[EventDate "2019.02.01"]
[EventType "swiss"]
[EventRounds "9"]
[EventCountry "ESP"]
[SourceTitle "Ajedrez en Madrid"]
[Source "lmi"]
[SourceDate "2019.02.01"]
[SourceVersion "1"]
[SourceVersionDate "2019.02.26"]
[SourceQuality "1"]

1. d4 Nf6 2. Nf3 e6 3. Bf4 Be7 4. Nbd2 d5 5. e3 Nbd7 6. Bd3 c5 7. c3 h6 8. h3
c4 9. Bc2 b5 10. a3 Bb7 11. O-O O-O 12. Ne5 Nxe5 13. dxe5 Ne4 14. Nf3 Nc5 15.
Nd4 a6 16. Bh2 Qe8 17. f4 f5 18. exf6 Bxf6 19. Qe2 Rd8 20. Rf3 Bxd4 21. exd4
Ne4 22. Raf1 Rd7 23. Bxe4 dxe4 24. R3f2 Rdf7 25. Qe3 Qe7 26. Bg3 a5 27. Qd2 Bc6
28. Re2 Rd8 29. Qe1 Rd5 30. Rxe4 Bd7 31. Rf3 b4 32. axb4 axb4 33. Rfe3 bxc3 34.
Qxc3 Rb5 35. Qxc4 Rxb2 36. d5 exd5 37. Qxd5 Qf6 38. Qd4 Qxd4 39. Rxd4 Bc6 40.
Bf2 Ra7 41. Rc4 Ra1+ 42. Kh2 Bb7 43. Rc7 Rxf2 44. Rxb7 Raa2 45. Rg3 Rxf4 46.
Rgxg7+ Kf8 47. Rh7 Kg8 48. Rxh6 Rff2 49. Rg6+ Kf8 50. Rg3 Rad2 51. Rh7 Rde2 52.
h4 Rf1 53. Rgg7 Rff2 54. h5 Rf5 55. Rg4 Ree5 56. Kg3 Rxh5 57. Rxh5 Rxh5 58. Kf4
Ra5 59. g3 Kf7 60. Kf3 Kf6 61. Rb4 Kg5 62. Rg4+ Kf5 63. Rg8 Ra3+ 64. Kg2 Ra4
65. Kh3 Ra3 66. Kh4 Kf6 67. Rg4 Ra1 68. Rf4+ Kg6 69. Kg4 Rg1 70. Rc4 Ra1 71.
Rc6+ Kf7 72. Kg5 Ra5+ 73. Kh6 Ra1 74. g4 Rh1+ 75. Kg5 Rf1 76. Rc5 Ra1 77. Kh6
Rh1+ 78. Rh5 Ra1 79. Kh7 Rg1 80. g5 Kf8 81. g6 1-0

[Event "Madrid-ch 2018-2019 - Previa B"]
[Site "Madrid ESP"]
[Date "2019.02.15"]
[Round "6.15"]
[White "Rojas Fernandez, Antonio"]
[Black "Martin Rodriguez, Jose Luis"]
[Result "1/2-1/2"]
[WhiteElo "1316"]
[BlackElo "1284"]
[PlyCount "63"]
[EventDate "2019.02.01"]
[EventType "swiss"]
[EventRounds "9"]
[EventCountry "ESP"]
[SourceTitle "Ajedrez en Madrid"]
[Source "lmi"]
[SourceDate "2019.02.01"]
[SourceVersion "1"]
[SourceVersionDate "2019.02.26"]
[SourceQuality "1"]

1. e4 e6 2. d4 d5 3. exd5 exd5 4. Nf3 Bb4+ 5. c3 Bd6 6. Bd3 Nf6 7. O-O O-O 8.
Bg5 h6 9. Bh4 Be7 10. Nbd2 Nbd7 11. Qc2 Re8 12. Rfe1 Nf8 13. Re2 Nh5 14. Bxe7
Rxe7 15. Rxe7 Qxe7 16. Re1 Qd6 17. Bf5 Bxf5 18. Qxf5 Nf6 19. Qe5 Qxe5 20. Rxe5
Re8 21. Kf1 Ng6 22. Rxe8+ Nxe8 23. Ke2 Nf4+ 24. Kf1 Nd6 25. g3 Ne6 26. Ke2 f6
27. Kd3 b5 28. b3 a6 29. c4 c6 30. cxd5 cxd5 31. a4 b4 32. Nf1 1/2-1/2

[Event "Madrid-ch 2018-2019 - Previa B"]
[Site "Madrid ESP"]
[Date "2019.02.16"]
[Round "7.1"]
[White "Berrocal Exposito, Fernando"]
[Black "Vicente Sastre, Diego"]
[Result "1/2-1/2"]
[WhiteElo "1796"]
[BlackElo "1879"]
[PlyCount "42"]
[EventDate "2019.02.01"]
[EventType "swiss"]
[EventRounds "9"]
[EventCountry "ESP"]
[SourceTitle "Ajedrez en Madrid"]
[Source "lmi"]
[SourceDate "2019.02.01"]
[SourceVersion "1"]
[SourceVersionDate "2019.02.26"]
[SourceQuality "1"]

1. d4 Nf6 2. e3 g6 3. Nf3 Bg7 4. b3 d6 5. Bb2 O-O 6. Be2 c5 7. O-O Nc6 8. Na3
e6 9. dxc5 dxc5 10. Qxd8 Rxd8 11. Nc4 Nb4 12. Rfd1 Bd7 13. a3 Nbd5 14. Nce5 Be8
15. c4 Ne7 16. Rxd8 Rxd8 17. Rd1 Rxd1+ 18. Bxd1 b6 19. Kf1 Nd7 20. Bc2 Nc6 21.
Nd3 Bxb2 1/2-1/2